Analysing Public Opinion Of Pakistan On China-Pakistan Economic Corridor / (Record no. 523440)

000 -LEADER
fixed length control field 00443nam a22001577a 4500
003 - CONTROL NUMBER IDENTIFIER
control field NUST
020 ## - INTERNATIONAL STANDARD BOOK NUMBER
International Standard Book Number 9789697576432
038 ## - RECORD CONTENT LICENSOR
Staff Name waseem
082 ## - DEWEY DECIMAL CLASSIFICATION NUMBER
Classification number 330.95491
Author Mark RIA
100 ## - MAIN ENTRY--PERSONAL NAME
Personal name Rizvi, Rida
9 (RLIN) 13780
245 ## - TITLE STATEMENT
Title Analysing Public Opinion Of Pakistan On China-Pakistan Economic Corridor /
Statement of responsibility, etc. Rida Rizvi
260 ## - PUBLICATION, DISTRIBUTION, ETC.
Place of publication, distribution, etc. Islamabad :
Name of publisher, distributor, etc. International Islamic University,
Date of publication, distribution, etc. 2018.
300 ## - PHYSICAL DESCRIPTION
Extent 190 p. ;
500 ## - GENERAL NOTE
General note Paperback.
942 ## - ADDED ENTRY ELEMENTS (KOHA)
Source of classification or shelving scheme
Koha item type Book
Holdings
Withdrawn status Lost status Source of classification or shelving scheme Damaged status Not for loan Permanent Location Current Location Shelving location Date acquired Source of acquisition Full call number Barcode Date last seen Price effective from Koha item type
          NUST Law School (NLS) NUST Law School (NLS) Economics 03/08/2019 Donation 330.95491 RIA CL-D-328 03/08/2019 03/08/2019 Book
© 2023 Central Library, National University of Sciences and Technology. All Rights Reserved.